[Event "Tournoi Skype 028B"]
[Site "Skype"]
[Date "????.??.??"]
[Round "7.2"]
[White "Alarcon Alarcon, Florentina"]
[Black "Morales Rubiella, Albert"]
[Result "1-0"]
[WhiteElo "1363"]
[BlackElo "1419"]
[PlyCount "93"]

1. e4 e5 2. Nf3 Nc6 3. d4 exd4 4. Nxd4 Qf6 5. c3 Bc5 6. Be3 Nge7 7. g3 Nxd4 8.
cxd4 Bb4+ 9. Nc3 Qc6 10. Qd3 d5 11. e5 Bf5 12. Qd2 Be4 13. Rg1 a6 14. a3 Bxc3
15. bxc3 h6 16. Be2 Nf5 17. f3 Nxe3 18. Qxe3 Bg6 19. Kf2 O-O 20. Rgc1 b5 21. g4
f5 22. f4 Qe6 23. h3 Rae8 24. Kg3 Re7 25. a4 c6 26. axb5 cxb5 27. h4 fxg4 28.
Bxg4 Bf5 29. Bxf5 Rxf5 30. Rg1 Ref7 31. Raf1 R5f6 32. Kh2 Rf5 33. Qg3 Qe8 34.
Qf3 Qe6 35. Rg4 Kf8 36. Kh3 Rh5 37. Qg3 g5 38. Kg2 Rxh4 39. Rxh4 gxh4 40. Qxh4
Qg6+ 41. Kh2 Ke8 42. Rg1 Qc2+ 43. Rg2 Qxc3 44. e6 Rf8 45. e7 Rf7 46. Rg8+ Kd7
47. e8=Q+ 1-0

[Event "Tournoi Skype 028B"]
[Site "Skype"]
[Date "????.??.??"]
[Round "7.3"]
[White "Junqueira, Leonardo De Faria"]
[Black "Contreras, Leidy Tatiana"]
[Result "1-0"]
[WhiteElo "1408"]
[BlackElo "1355"]
[PlyCount "81"]

1. b4 Nf6 2. Bb2 g6 3. e3 Bg7 4. Nf3 O-O 5. Be2 d6 6. O-O e5 7. Nc3 Nc6 8. a3
Ne7 9. Rb1 e4 10. Nd4 d5 11. Nb3 Nf5 12. d3 Qe7 13. Qe1 Nh4 14. Nb5 c6 15. N5d4
Nh5 16. Nd2 Qg5 17. g3 Bh3 18. dxe4 dxe4 19. Nxe4 Qd5 20. f3 Ng2 21. Qc1 Bh6
22. Nf5 Qxf5 23. Bd4 b6 24. g4 Qg5 25. Nxg5 Bxg5 26. gxh5 Nh4 27. f4 Bh6 28.
Rd1 Nf5 29. Bf6 Rae8 30. Rd3 Re6 31. Bg5 Bg7 32. Qd2 Rfe8 33. Rd8 Nxe3 34.
Rxe8+ Rxe8 35. hxg6 hxg6 36. Re1 Nf5 37. Bf1 Bd4+ 38. Kh1 Be3 39. Rxe3 Rxe3 40.
Bxh3 Rxh3 41. Qd8+ 1-0

[Event "Tournoi Skype 028B"]
[Site "Skype"]
[Date "????.??.??"]
[Round "7.4"]
[White "San Isidro, Josep"]
[Black "Frances, Carlos Alberto"]
[Result "0-1"]
[WhiteElo "1406"]
[BlackElo "1324"]
[PlyCount "88"]

1. d4 d5 2. Bf4 Nf6 3. Nf3 e6 4. e3 Bd6 5. Bg3 O-O 6. Nbd2 c5 7. c3 Nc6 8. Bd3
Qc7 9. dxc5 Bxg3 10. hxg3 e5 11. Bc2 Bg4 12. Qb1 e4 13. Nd4 a6 14. Nf1 Ne5 15.
f3 Bh5 16. fxe4 Bg6 17. exd5 Qxc5 18. Bxg6 hxg6 19. e4 Rfe8 20. Qc2 Neg4 21.
O-O-O Rxe4 22. Nb3 Qd6 23. Rh3 Ne3 24. Nxe3 Rxe3 25. Rdh1 Kf8 26. Rf1 Rae8 27.
Rd1 Re1 28. Rh1 Qxg3 29. Rhxe1 Rxe1 30. Rxe1 Qxe1+ 31. Qd1 Qe3+ 32. Qd2 Nxd5
33. Qxe3 Nxe3 34. Nc5 f5 35. Nxb7 g5 36. Nd6 f4 37. Ne4 g4 38. Kd2 Nc4+ 39. Kc2
Ne3+ 40. Kd2 Nxg2 41. c4 Ke7 42. c5 Ne3 43. b4 g3 44. a4 g2 0-1

[Event "Tournoi Skype 028B"]
[Site "Skype"]
[Date "????.??.??"]
[Round "7.5"]
[White "Castillo, David"]
[Black "Thavorath, Nirandas"]
[Result "0-1"]
[WhiteElo "1381"]
[BlackElo "1226"]
[PlyCount "62"]

1. Nf3 d5 2. d4 Bf5 3. e3 Nc6 4. a3 Nf6 5. Bd3 Bg6 6. Nh4 e5 7. Bxg6 hxg6 8.
dxe5 Nxe5 9. Nf3 Nc4 10. Nbd2 Bd6 11. Nxc4 dxc4 12. h3 Qe7 13. Qe2 Qe4 14. Kf1
Rh5 15. Nd2 Qxc2 16. Nxc4 Qf5 17. Nxd6+ cxd6 18. Qf3 Qc2 19. Qe2 Qf5 20. Qf3
Qb5+ 21. Qe2 Ne4 22. Qxb5+ Rxb5 23. Ke2 Rc8 24. Kf3 f5 25. Re1 Rc2 26. Re2 Ng5+
27. Kf4 Rxe2 28. Kxg5 Rxf2 29. Kxg6 Rxg2+ 30. Kh7 Kf7 31. b4 Rg6 0-1

[Event "Tournoi Skype 028B"]
[Site "Skype"]
[Date "????.??.??"]
[Round "7.6"]
[White "Scata, Laura"]
[Black "Bendre, Pankaj"]
[Result "0-1"]
[WhiteElo "1366"]
[BlackElo "1182"]
[PlyCount "142"]

1. d4 d5 2. Bf4 Nf6 3. e3 Bf5 4. Bd3 Bxd3 5. Qxd3 e6 6. Nd2 a6 7. Ngf3 c5 8. c3
Nc6 9. O-O c4 10. Qe2 Bd6 11. Bxd6 Qxd6 12. e4 dxe4 13. Nxe4 Nxe4 14. Qxe4 h6
15. Rad1 O-O 16. d5 Na5 17. dxe6 Qxe6 18. Rfe1 Qb6 19. Rd2 Qb5 20. Qe5 Qa4 21.
a3 Rfe8 22. Qd5 Rxe1+ 23. Nxe1 Qe8 24. Rd1 b5 25. Qd7 Qe2 26. Qd2 Qe6 27. Kf1
Nc6 28. Qd6 Qe8 29. Qd7 Ne5 30. Qxe8+ Rxe8 31. Nc2 Nd3 32. Rb1 Nc5 33. Ne3 Ne4
34. Rd1 Nc5 35. Rd5 Nd3 36. Rd6 Ra8 37. Nd1 Kf8 38. Ke2 Ke7 39. Rd4 Kf8 40. Kd2
Nc5 41. Kc2 Ne6 42. Rd6 Ke7 43. Rd2 Nf4 44. g3 Nd3 45. Ne3 Ne1+ 46. Kd1 Nd3 47.
Kc2 Ne1+ 48. Kd1 Nd3 49. Kc2 Rd8 50. Re2 Kf8 51. Ng4 Re8 52. Ne3 Nxf2 53. Rxf2
Rxe3 54. Kd2 Rd3+ 55. Kc2 g5 56. Rd2 Rxd2+ 57. Kxd2 f5 58. Ke3 Kf7 59. Kd4 Ke6
60. Kc5 f4 61. gxf4 gxf4 62. Kd4 Kf5 63. h3 h5 64. h4 Kg4 65. Ke4 Kg3 66. Kf5
f3 67. Kg5 f2 68. Kxh5 f1=Q 69. Kg6 Kg4 70. h5 Qf5+ 71. Kh6 Qxh5+ 0-1

[Event "Tournoi Skype 028B"]
[Site "Skype"]
[Date "????.??.??"]
[Round "7.7"]
[White "Amato, Ludovica"]
[Black "Telles, Rigoberto"]
[Result "1-0"]
[WhiteElo "1346"]
[BlackElo "1307"]
[PlyCount "63"]

1. e4 e5 2. Nf3 Nc6 3. Bc4 Nf6 4. d3 Be7 5. c3 O-O 6. O-O h6 7. Re1 a6 8. Bb3
d6 9. Nbd2 b5 10. Nf1 Rb8 11. a3 Na7 12. Be3 c5 13. h3 Kh8 14. Ng3 Nh7 15. Bc2
f5 16. exf5 Bxf5 17. Nxf5 Rxf5 18. d4 Rf6 19. dxe5 dxe5 20. Nxe5 Kg8 21. Bb3+
c4 22. Bxa7 Ra8 23. Bd4 Rd6 24. Qf3 Bf6 25. Bc2 Ng5 26. Qf5 Qc8 27. Qxc8+ Rxc8
28. Rad1 Nf7 29. Nxf7 Kxf7 30. Bxf6 Kxf6 31. Rxd6+ Kf7 32. Bg6+ 1-0

[Event "Tournoi Skype 028B"]
[Site "Skype"]
[Date "????.??.??"]
[Round "7.8"]
[White "Khatanhar, Mohit"]
[Black "Vaswani, Manohar"]
[Result "1/2-1/2"]
[WhiteElo "1266"]
[BlackElo "1000"]
[PlyCount "59"]

1. e4 e5 2. Bc4 Nf6 3. d3 Bc5 4. h3 c6 5. Nc3 d5 6. exd5 cxd5 7. Bb5+ Bd7 8.
Bxd7+ Qxd7 9. Bg5 d4 10. Bxf6 gxf6 11. Ne4 Qc6 12. Nxc5 Qxg2 13. Qe2 Qxh1 14.
O-O-O Qd5 15. Nb3 Nc6 16. Qg4 Nb4 17. a3 Nxc2 18. Kxc2 h5 19. Qf5 Rg8 20. Ne2
Ke7 21. h4 Rac8+ 22. Kb1 Qxb3 23. Rc1 Rxc1+ 24. Nxc1 Rg1 25. Qe4 Rd1 26. Qe2
Rg1 27. Qe4 Qd1 28. Qxb7+ Ke6 29. Qc6+ Kf5 30. Qe4+ 1/2-1/2

[Event "Tournoi Skype 028B"]
[Site "Skype"]
[Date "????.??.??"]
[Round "7.9"]
[White "Escabias Perez, Miguel"]
[Black "Rodriguez, Nathalie"]
[Result "1-0"]
[WhiteElo "1441"]
[BlackElo "1266"]
[PlyCount "79"]

1. e4 c5 2. Nc3 e5 3. Nf3 d6 4. Bc4 Be6 5. Bxe6 fxe6 6. d3 Nf6 7. Ng5 Qd7 8.
O-O h6 9. Nf3 Be7 10. h3 Nc6 11. Nh2 a6 12. Ne2 Nd4 13. c3 Nxe2+ 14. Qxe2 O-O-O
15. Nf3 Rhf8 16. Nd2 Qc6 17. Nc4 Nd7 18. b4 d5 19. Nd2 cxb4 20. cxb4 Bxb4 21.
Nf3 Bd6 22. Bb2 d4 23. Rac1 Nc5 24. Ba3 Kb8 25. Bxc5 Bxc5 26. Nxe5 Qc7 27. Nf3
Qa5 28. Qc2 Rc8 29. Qb3 Rf6 30. Rb1 Rc7 31. Ne5 Ka8 32. Rfc1 b5 33. Nd7 Rxd7
34. Rxc5 Qd2 35. Rc2 Qg5 36. a4 Rb7 37. Qb4 Rff7 38. Qd6 Rfd7 39. Qxa6+ Ra7 40.
Rc8# 1-0

[Event "Tournoi Skype 028B"]
[Site "Skype"]
[Date "????.??.??"]
[Round "7.10"]
[White "Linares Vernet, Ana"]
[Black "Figueiredo, Oneide De Souza"]
[Result "1-0"]
[WhiteElo "1175"]
[BlackElo "1372"]
[PlyCount "111"]

1. d4 d5 2. Bf4 Bf5 3. Nf3 Nc6 4. e3 e6 5. c3 Nf6 6. Ne5 Nxe5 7. Bxe5 Bd6 8.
Bxd6 Qxd6 9. Be2 c6 10. Nd2 O-O 11. O-O a6 12. Nf3 Nd7 13. Bd3 f6 14. Nh4 Be4
15. f3 Bxd3 16. Qxd3 f5 17. f4 Rf6 18. Nf3 Rg6 19. Ne5 Nxe5 20. dxe5 Qe7 21.
Rf2 Rh6 22. g3 Qf7 23. Qe2 Rh3 24. Rg2 Rh5 25. Rf1 g5 26. fxg5 Rxg5 27. Rf4 Qg7
28. Qd2 Qxe5 29. Qd4 Qxd4 30. exd4 Kh8 31. Rh4 Rg4 32. Rxg4 fxg4 33. Rf2 Kg7
34. Kf1 Rf8 35. Rxf8 Kxf8 36. Kf2 Kf7 37. Ke3 Kf6 38. Kf4 h5 39. b3 b6 40. a4
c5 41. Ke3 Kf5 42. dxc5 bxc5 43. a5 Ke5 44. b4 cxb4 45. cxb4 d4+ 46. Kd3 Kd5
47. b5 axb5 48. a6 b4 49. a7 b3 50. a8=Q+ Kc5 51. Qb7 e5 52. Qxb3 Kd6 53. Ke4
Kc5 54. Qd5+ Kb4 55. Qxe5 Kc3 56. Qxd4+ 1-0

[Event "Tournoi Skype 028B"]
[Site "Skype"]
[Date "????.??.??"]
[Round "7.11"]
[White "Bonilla, Cesar"]
[Black "Lopes, Marcia Maria"]
[Result "1-0"]
[WhiteElo "1172"]
[BlackElo "1363"]
[PlyCount "53"]

1. d4 Nf6 2. Bf4 e6 3. e3 b6 4. Nd2 Be7 5. Ngf3 Bb7 6. Bd3 d6 7. Qe2 Nbd7 8.
O-O-O O-O 9. h4 h5 10. Rhg1 c5 11. Ng5 e5 12. dxe5 Nxe5 13. Bxe5 dxe5 14. Nc4
e4 15. Nxe4 Bxe4 16. Bxe4 Qc7 17. Bxa8 Rxa8 18. Qf3 Rc8 19. e4 Ng4 20. Rge1
Bxh4 21. g3 Bf6 22. e5 Nxe5 23. Nxe5 Bxe5 24. Qxh5 Bd4 25. Rh1 f6 26. Rde1 Qf7
27. Qh8# 1-0

[Event "Tournoi Skype 028B"]
[Site "Skype"]
[Date "????.??.??"]
[Round "7.12"]
[White "Raudales, Victor"]
[Black "De Coninck, Philippe"]
[Result "1-0"]
[WhiteElo "1340"]
[BlackElo "1173"]
[PlyCount "61"]

1. e4 e5 2. Nf3 Nf6 3. d3 Nc6 4. g3 Bc5 5. Bh3 d6 6. Bxc8 Rxc8 7. c3 Ng4 8. O-O
O-O 9. d4 exd4 10. cxd4 Bb6 11. Ng5 Nh6 12. d5 Nd4 13. Nf3 Nxf3+ 14. Qxf3 g5
15. Qh5 f5 16. Qxh6 Rf6 17. Qxg5+ Kh8 18. exf5 Qf8 19. b3 Bd4 20. Nc3 Bxc3 21.
Rb1 Rxf5 22. Qe3 Rf3 23. Qxa7 Qf5 24. Qxb7 Bd4 25. Be3 Bxe3 26. fxe3 Rf8 27.
Qb5 Rxf1+ 28. Rxf1 Qxf1+ 29. Qxf1 Rxf1+ 30. Kxf1 Kg7 31. a4 1-0

[Event "Tournoi Skype 028B"]
[Site "Skype"]
[Date "????.??.??"]
[Round "7.13"]
[White "Sanchez Padilla, Armando Edilber"]
[Black "Jimenez, Eduardo"]
[Result "0-1"]
[WhiteElo "1323"]
[BlackElo "1000"]
[PlyCount "52"]

1. e4 g6 2. Nf3 c5 3. Bc4 Nf6 4. e5 d5 5. Bb5+ Nfd7 6. c3 Qa5 7. a4 a6 8. Be2
Nc6 9. O-O Ndxe5 10. Nxe5 Nxe5 11. d3 Bg7 12. Bd2 Qb6 13. Re1 Qxb2 14. Na3 O-O
15. a5 Bf5 16. Be3 Qxc3 17. Rc1 Qxa3 18. Bxc5 Qxa5 19. Bxe7 Rfe8 20. Bd6 Nxd3
21. Bc7 Qxe1+ 22. Qxe1 Nxe1 23. Rxe1 Bc3 24. Rc1 Rxe2 25. Kf1 Rae8 26. Bf4 Re1+
0-1

[Event "Tournoi Skype 028B"]
[Site "Skype"]
[Date "????.??.??"]
[Round "7.14"]
[White "Abdulrazzaq, Mohsen"]
[Black "Luunge, Abdi"]
[Result "1-0"]
[WhiteElo "1080"]
[BlackElo "1320"]
[PlyCount "65"]

1. e4 g6 2. Nf3 d6 3. d4 Bg7 4. c4 c6 5. Nc3 Nf6 6. Bf4 Bg4 7. Be2 Nbd7 8. h3
Bxf3 9. Bxf3 Qc7 10. c5 e5 11. cxd6 Qxd6 12. dxe5 Qxd1+ 13. Rxd1 Ng8 14. e6
fxe6 15. Bg4 Bxc3+ 16. bxc3 Nc5 17. O-O Nf6 18. e5 Nxg4 19. hxg4 h5 20. gxh5
Rxh5 21. g4 Rh4 22. f3 a5 23. Bg5 Rh7 24. Rf2 Nd7 25. f4 Rh3 26. Rfd2 Nc5 27.
Kg2 Rxc3 28. Rh1 Kf7 29. Bf6 b5 30. Rh7+ Kg8 31. Rh8+ Kf7 32. Rxa8 a4 33. Ra7+
1-0

[Event "Tournoi Skype 028B"]
[Site "Skype"]
[Date "????.??.??"]
[Round "7.15"]
[White "Gerbaux, Regis"]
[Black "Mhabdi, Mahesh"]
[Result "0-1"]
[WhiteElo "1073"]
[BlackElo "1312"]
[PlyCount "58"]

1. d4 Nf6 2. Nf3 d5 3. Bf4 e6 4. e3 a6 5. Bd3 Nc6 6. c3 Bd6 7. Bg3 Bd7 8. Nbd2
h6 9. Ne5 Be7 10. Bh4 Ng8 11. Qf3 Nxe5 12. Qh5 Nxd3+ 13. Ke2 Bxh4 14. Kxd3 Bb5+
15. c4 Bxc4+ 16. Nxc4 dxc4+ 17. Kc3 Qe7 18. b3 O-O-O 19. Rad1 Bxf2 20. Rhf1 Nf6
21. Qh3 Ne4+ 22. Kc2 cxb3+ 23. axb3 Rd5 24. Qf3 f5 25. Ra1 Qb4 26. Rxf2 Qc3+
27. Kb1 Qxb3+ 28. Rb2 Qd3+ 29. Rc2 Nd2+ 0-1

[Event "Tournoi Skype 028B"]
[Site "Skype"]
[Date "????.??.??"]
[Round "7.16"]
[White "Rosenkoetter, David"]
[Black "Suazo, Olvin"]
[Result "0-1"]
[WhiteElo "1216"]
[BlackElo "1000"]
[PlyCount "110"]

1. e4 e5 2. Nf3 Nc6 3. Bc4 Nf6 4. d3 Bc5 5. c3 O-O 6. O-O d6 7. h3 h6 8. Nbd2
Re8 9. Re1 Be6 10. Bxe6 Rxe6 11. Nf1 Bb6 12. Ne3 Ne7 13. b4 Nh5 14. Nh4 Ng6 15.
Nef5 Nxh4 16. Qxh5 Nxf5 17. exf5 Rf6 18. Be3 c5 19. Rab1 Qc7 20. g4 cxb4 21.
Bxb6 axb6 22. cxb4 Qc3 23. Re3 Qd4 24. Rc1 Qf4 25. Rc4 Qg5 26. Qxg5 hxg5 27.
Rc7 Rxa2 28. Rxb7 g6 29. Rb8+ Kg7 30. d4 exd4 31. Ree8 Rxf5 32. gxf5 gxf5 33.
Rg8+ Kf6 34. Rxb6 Ke5 35. Rxg5 Kf4 36. Rg3 Ke4 37. Rxd6 f4 38. f3+ Ke3 39. Rd7
fxg3 40. b5 Kxf3 41. Rxf7+ Ke2 42. b6 d3 43. Re7+ Kf3 44. Rf7+ Ke4 45. Re7+ Kd4
46. Rd7+ Kc3 47. Rc7+ Kd2 48. Ra7 Rb2 49. b7 Ke3 50. Ra3 Rxb7 51. Kf1 Rb2 52.
Ra1 Kf3 53. Rd1 d2 54. h4 Rc2 55. h5 Rc1 0-1

[Event "Tournoi Skype 028B"]
[Site "Skype"]
[Date "????.??.??"]
[Round "7.17"]
[White "Berbedes, Jorgelina"]
[Black "Felippe E Silva, Glenda"]
[Result "0-1"]
[WhiteElo "1061"]
[BlackElo "1207"]
[PlyCount "82"]

1. d4 d5 2. Nf3 Bf5 3. e3 h6 4. a3 Nf6 5. Bd3 Bxd3 6. Qxd3 e6 7. b3 Bd6 8. Bb2
Nbd7 9. Nbd2 c6 10. c4 O-O 11. O-O Re8 12. Rfe1 e5 13. dxe5 Nxe5 14. Nxe5 Bxe5
15. Bxe5 Rxe5 16. Rac1 dxc4 17. Qxd8+ Rxd8 18. Nxc4 Red5 19. h3 Ne4 20. f3 Nd2
21. Nxd2 Rxd2 22. b4 a6 23. e4 R8d3 24. a4 Rd6 25. e5 Re6 26. Rb1 Rg6 27. g4 h5
28. e6 hxg4 29. hxg4 Rxe6 30. Rxe6 fxe6 31. Re1 Kf7 32. f4 Rd4 33. Rf1 Rxb4 34.
a5 c5 35. Kg2 Ra4 36. g5 Kg6 37. Rf3 Kf5 38. Kg3 Rxa5 39. Rd3 Ra4 40. Rf3 Rd4
41. Rf2 b5 0-1

[Event "Tournoi Skype 028B"]
[Site "Skype"]
[Date "????.??.??"]
[Round "7.18"]
[White "Garganese, Paolo"]
[Black "Douichi, Mohammed"]
[Result "1-0"]
[WhiteElo "1000"]
[BlackElo "1203"]
[PlyCount "59"]

1. e4 c5 2. Nf3 Nc6 3. d4 cxd4 4. Nxd4 e5 5. Nb3 Nf6 6. Nc3 a6 7. Bg5 d6 8. Bc4
b5 9. Bd5 Be7 10. f4 exf4 11. Bxf4 Nd7 12. O-O O-O 13. Qe2 Bg5 14. Bxd6 Re8 15.
Bxf7+ Kh8 16. Rae1 Qb6+ 17. Kh1 Bf6 18. Nd5 Nd4 19. Nxd4 Bb7 20. Rf5 Bxd5 21.
Rxd5 Red8 22. Ne6 Rdc8 23. Bc7 Qc6 24. Rxd7 h6 25. e5 Bg5 26. Nxg5 hxg5 27. e6
Qxc2 28. Qxc2 Rf8 29. Qg6 Rac8 30. Qh5# 1-0

[Event "Tournoi Skype 028B"]
[Site "Skype"]
[Date "????.??.??"]
[Round "7.19"]
[White "Rodriguez, Omar Alexander"]
[Black "Milanese, Serge"]
[Result "1-0"]
[WhiteElo "1000"]
[BlackElo "1202"]
[PlyCount "33"]

1. e4 c6 2. d4 d5 3. Nc3 dxe4 4. Nxe4 Bf5 5. Ng3 Bg6 6. h4 h6 7. Nf3 Nd7 8. h5
Bh7 9. Bd3 Ngf6 10. O-O e6 11. Bf4 Ng4 12. Bxh7 Rxh7 13. c4 c5 14. Re1 Be7 15.
d5 e5 16. Nxe5 Qc7 17. Qxg4 1-0

[Event "Tournoi Skype 028B"]
[Site "Skype"]
[Date "????.??.??"]
[Round "7.20"]
[White "Maalik, Aakash"]
[Black "Urda, Carlos Mario"]
[Result "1-0"]
[WhiteElo "1178"]
[BlackElo "1000"]
[PlyCount "65"]

1. d4 e5 2. dxe5 Nc6 3. Nf3 Qe7 4. Bd2 Nxe5 5. Nxe5 Qxe5 6. Nc3 Nf6 7. e3 c6 8.
Bd3 d5 9. O-O Bd6 10. f4 Qe7 11. Ne2 O-O 12. Bc3 Qxe3+ 13. Kh1 Ng4 14. Qe1 Bc5
15. h3 Nf2+ 16. Kh2 Nxd3 17. cxd3 Re8 18. Qg3 Qxg3+ 19. Nxg3 Re3 20. Rad1 d4
21. Be1 f6 22. Ne4 Be7 23. Bf2 Re2 24. Bxd4 Bf5 25. Ng3 Bxd3 26. Rxd3 Rc2 27.
Bc3 Re8 28. Rd7 Bc5 29. Rxb7 Bf2 30. Rd1 Bc5 31. Nf5 Bf8 32. Rxa7 Rd2 33. Rxd2
1-0

[Event "Tournoi Skype 028B"]
[Site "Skype"]
[Date "????.??.??"]
[Round "7.22"]
[White "Busto, Ricardo"]
[Black "Vincent, Andre"]
[Result "0-1"]
[WhiteElo "1210"]
[BlackElo "1377"]
[PlyCount "68"]

1. e4 c6 2. d4 d5 3. exd5 Qxd5 4. Nc3 Qd8 5. Nf3 Bg4 6. Qd3 Nf6 7. Bg5 Nbd7 8.
Be2 e6 9. Ne4 Be7 10. Nxf6+ Nxf6 11. Bxf6 Bxf6 12. Ne5 Bf5 13. Qc3 O-O 14. Nf3
Rc8 15. O-O Qc7 16. Bd3 Qf4 17. Bxf5 Qxf5 18. Qd3 Qxd3 19. cxd3 Rfd8 20. Rfe1
Bxd4 21. Nxd4 Rxd4 22. Rad1 Rcd8 23. Re3 g6 24. Kf1 Kg7 25. Ke2 R8d5 26. Rd2 e5
27. f3 f5 28. g3 h5 29. Kf2 g5 30. h3 Kf6 31. Ke2 f4 32. gxf4 gxf4 33. Re4 h4
34. Rxd4 exd4 0-1

[Event "Tournoi Skype 028B"]
[Site "Skype"]
[Date "????.??.??"]
[Round "7.24"]
[White "Bucherie, Volcy"]
[Black "Conde, Carmen"]
[Result "1/2-1/2"]
[WhiteElo "1336"]
[BlackElo "1207"]
[PlyCount "155"]

1. d4 d5 2. c4 Nf6 3. Nf3 c6 4. Nc3 h6 5. g3 dxc4 6. Bg2 Nbd7 7. O-O e6 8. Bf4
Be7 9. e4 Nb6 10. Ne5 O-O 11. a4 a5 12. Rc1 Nbd7 13. Nxc4 Ra6 14. Bd6 Nb6 15.
Nxb6 Rxb6 16. e5 Nd5 17. Nxd5 exd5 18. b3 Bxd6 19. exd6 Qxd6 20. Re1 Be6 21.
Re3 Bg4 22. Qxg4 f5 23. Qd1 f4 24. Rd3 Ra6 25. Qe1 b6 26. Rf3 Ra7 27. Qe5 Qe7
28. Rxc6 Qd8 29. gxf4 Re7 30. Re6 Ref7 31. Rd6 Qc7 32. Rxd5 Qc1+ 33. Bf1 Rxf4
34. Qe6+ Kh8 35. Rxf4 Qxf4 36. Qe3 Qg4+ 37. Kh1 Rf3 38. Rd8+ Kh7 39. Bd3+ Rf5
40. Bxf5+ Qxf5 41. f4 Qb1+ 42. Kg2 Qg6+ 43. Kf3 Qh5+ 44. Kg2 Qg6+ 45. Kf2 Qc2+
46. Ke1 Qb1+ 47. Kd2 Qb2+ 48. Kd3 Qxb3+ 49. Ke4 Qe6+ 50. Kd3 Qb3+ 51. Ke2 Qc4+
52. Kf3 Qf1+ 53. Kg4 Qg2+ 54. Kf5 Qg6+ 55. Ke5 Qf6+ 56. Kd5 Qxd8+ 57. Kc6 Qf6+
58. Kb5 Qd6 59. Qe4+ Kg8 60. Qe8+ Kh7 61. Qe4+ g6 62. f5 Qb4+ 63. Kc6 Qxa4+ 64.
Kxb6 Qb4+ 65. Kc6 Qc4+ 66. Kb6 Qb4+ 67. Kc6 Qa4+ 68. Kd6 Qa2 69. Qe7+ Kg8 70.
fxg6 Qxh2+ 71. Kc6 Qg2+ 72. Kd6 Qxg6+ 73. Kc7 a4 74. Qd8+ Kh7 75. Qe7+ Kg8 76.
Qd8+ Kh7 77. Qd7+ Kg8 78. Qd8+ 1/2-1/2

[Event "Tournoi Skype 028B"]
[Site "Skype"]
[Date "????.??.??"]
[Round "7.25"]
[White "Franca, Adilson Mendes"]
[Black "De Nobrega, George"]
[Result "1/2-1/2"]
[WhiteElo "1000"]
[BlackElo "1295"]
[PlyCount "114"]

1. e4 e5 2. Nf3 Nc6 3. Bc4 h6 4. c3 Nf6 5. d4 exd4 6. cxd4 d6 7. d5 Ne5 8. Nxe5
dxe5 9. Bb5+ Bd7 10. Qa4 Bxb5 11. Qxb5+ Ke7 12. b3 Nxe4 13. O-O Nd6 14. Qe2 f6
15. Nc3 Kd7 16. Qg4+ Ke8 17. Qg6+ Ke7 18. Ba3 Qe8 19. Bxd6+ cxd6 20. Qxe8+ Kxe8
21. Ne4 Rc8 22. Rac1 Kd8 23. Rxc8+ Kxc8 24. Rc1+ Kb8 25. a4 a5 26. Rc4 Be7 27.
Nc3 Rc8 28. Rxc8+ Kxc8 29. Nb5 b6 30. Na7+ Kb7 31. Nb5 Kc8 32. Na7+ Kd7 33. Nc6
Bd8 34. Nb8+ Ke8 35. f3 Kf7 36. Nc6 Bc7 37. b4 axb4 38. Nxb4 Ke7 39. Nc6+ Kd7
40. Kf2 Ke8 41. Ke3 Kf7 42. Ke4 g6 43. f4 f5+ 44. Ke3 Kf6 45. g3 g5 46. fxg5+
Kxg5 47. Kf3 h5 48. h4+ Kf6 49. Na7 e4+ 50. Kf4 e3 51. Kxe3 Ke5 52. Nb5 Bd8 53.
Nc3 Be7 54. Kf3 Kd4 55. Ne2+ Kxd5 56. Kf4 Ke6 57. Nd4+ Kf6 1/2-1/2

[Event "Tournoi Skype 028B"]
[Site "Skype"]
[Date "????.??.??"]
[Round "7.26"]
[White "Santamaria Garcia, Jesus"]
[Black "Vervoort, Jean-Louis"]
[Result "1/2-1/2"]
[WhiteElo "1022"]
[BlackElo "1273"]
[PlyCount "94"]

1. d4 d5 2. Nf3 Bg4 3. Nbd2 Bxf3 4. Nxf3 e6 5. Bf4 Nf6 6. e3 Bd6 7. Bg3 O-O 8.
Bd3 Nc6 9. a3 a6 10. O-O Bxg3 11. fxg3 Re8 12. Re1 Qd6 13. c3 e5 14. dxe5 Nxe5
15. Nxe5 Rxe5 16. Qc2 Rae8 17. Qd2 Ne4 18. Bxe4 dxe4 19. Qxd6 cxd6 20. Rad1
R8e6 21. Rd4 d5 22. Red1 b5 23. Rxd5 Rxd5 24. Rxd5 Re8 25. Rd6 Ra8 26. b3 a5
27. Rb6 b4 28. axb4 axb4 29. Rxb4 Ra1+ 30. Kf2 Ra2+ 31. Ke1 f5 32. c4 g5 33. c5
Rc2 34. Rb5 Rxg2 35. c6 Rc2 36. Rb6 Kf7 37. Rb7+ Ke8 38. c7 Kd7 39. c8=Q+ Kxc8
40. Rxh7 Rc3 41. Rf7 Rxe3+ 42. Kf2 Rf3+ 43. Ke2 f4 44. gxf4 gxf4 45. h4 Re3+
46. Kf2 Rf3+ 47. Ke2 Re3+ 1/2-1/2

[Event "Tournoi Skype 028B"]
[Site "Skype"]
[Date "????.??.??"]
[Round "7.27"]
[White "Malbec, Robert"]
[Black "Jimenez Del Rosario, Alsis Raynely"]
[Result "1-0"]
[WhiteElo "1214"]
[BlackElo "1000"]
[PlyCount "135"]

1. e4 e5 2. Nf3 d5 3. exd5 e4 4. Qe2 Qxd5 5. Nc3 Qe6 6. Qxe4 Qxe4+ 7. Nxe4 Bf5
8. Bd3 Nc6 9. a3 O-O-O 10. Nd6+ Bxd6 11. Bxf5+ Kb8 12. O-O g6 13. Be4 Nge7 14.
Bxc6 Nxc6 15. b4 f5 16. Ng5 Rd7 17. Bb2 Re8 18. Rfe1 Rxe1+ 19. Rxe1 Bf4 20.
Re8+ Rd8 21. Rxd8+ Nxd8 22. Nxh7 Bxd2 23. Nf8 g5 24. Bf6 Nc6 25. h3 b5 26. Ne6
g4 27. hxg4 fxg4 28. f3 gxf3 29. gxf3 Bc1 30. c3 Bxa3 31. f4 Bb2 32. f5 Nxb4
33. Be5 Nd5 34. f6 Nxf6 35. Bxf6 Kb7 36. Kf1 b4 37. Nc5+ Kc6 38. Ne4 a5 39. Ke1
a4 40. Kd1 a3 41. Kc2 Kb5 42. Kb3 c5 43. c4+ Ka5 44. Bxb2 axb2 45. Kxb2 Kb6 46.
Kb3 Kc6 47. Ka4 Kb6 48. Nd2 Kc6 49. Ka5 Kd6 50. Kb5 Ke5 51. Kxc5 Ke6 52. Kxb4
Kd7 53. Kb5 Kc7 54. Kc5 Kc8 55. Kc6 Kd8 56. c5 Kc8 57. Nc4 Kd8 58. Kd6 Kc8 59.
Nb6+ Kb7 60. c6+ Kxb6 61. c7 Kb7 62. Kd7 Kb6 63. c8=Q Kb5 64. Kd6 Kb4 65. Kd5
Kb5 66. Qc5+ Ka6 67. Qb4 Ka7 68. Kc6 1-0

[Event "Tournoi Skype 028B"]
[Site "Skype"]
[Date "????.??.??"]
[Round "7.28"]
[White "Cengiz, Ali Ekber"]
[Black "Yepes Bermudez, Maribel"]
[Result "0-1"]
[WhiteElo "1098"]
[BlackElo "1287"]
[PlyCount "82"]

1. e4 d5 2. e5 Bf5 3. d4 e6 4. Nf3 c5 5. Nbd2 a6 6. Nb3 c4 7. Nbd2 Nc6 8. c3 h6
9. b3 b5 10. a3 Nge7 11. Be2 Ng6 12. Nf1 Nh4 13. Ne3 Bg6 14. g3 Nxf3+ 15. Bxf3
Na5 16. b4 Nb3 17. Ra2 Be7 18. Ng2 Nxc1 19. Qxc1 Bg5 20. Qd1 O-O 21. h4 Be7 22.
Nf4 Bh7 23. Bg4 Qb6 24. f3 a5 25. Qa1 Ra6 26. O-O Rfa8 27. Rff2 g5 28. hxg5
hxg5 29. Nh3 a4 30. f4 Qd8 31. Bh5 Bf5 32. g4 Be4 33. fxg5 Bxg5 34. Bxf7+ Kg7
35. Bh5 Be3 36. Qe1 Bxf2+ 37. Rxf2 R6a7 38. g5 Qh8 39. Bg4 Qh4 40. Bxe6 Qg3+
41. Kf1 Bd3+ 0-1

[Event "Tournoi Skype 028B"]
[Site "Skype"]
[Date "????.??.??"]
[Round "7.29"]
[White "Barba Cepeda, Julio Cesar"]
[Black "Duthoit, Bernard"]
[Result "1-0"]
[WhiteElo "1087"]
[BlackElo "1379"]
[PlyCount "39"]

1. e4 e6 2. d4 d5 3. exd5 exd5 4. Nf3 Nf6 5. Bd3 g6 6. Nc3 Bg7 7. O-O O-O 8.
Be3 c6 9. Qd2 Re8 10. Bh6 Nbd7 11. Bxg7 Kxg7 12. Rae1 Nf8 13. Ne2 Bg4 14. Ng3
Bxf3 15. gxf3 Qd7 16. Qg5 Rxe1 17. Rxe1 Re8 18. Rxe8 Qxe8 19. Nf5+ Kg8 20. Nh6+
1-0

[Event "Tournoi Skype 028B"]
[Site "Skype"]
[Date "????.??.??"]
[Round "7.30"]
[White "Montilla Bejarano, Carmen"]
[Black "Le Bouill, Pierre"]
[Result "1/2-1/2"]
[WhiteElo "1073"]
[BlackElo "1252"]
[PlyCount "71"]

1. e4 e5 2. Nf3 Nf6 3. d4 d6 4. dxe5 Ng4 5. h3 Nxe5 6. Nxe5 dxe5 7. Qxd8+ Kxd8
8. Bc4 Ke7 9. Nc3 c6 10. Bg5+ f6 11. Be3 b5 12. Bc5+ Kd8 13. O-O-O+ Kc7 14.
Bxf8 Rxf8 15. Bb3 Nd7 16. Be6 Nc5 17. Bxc8 Raxc8 18. Rhe1 Rcd8 19. Rxd8 Rxd8
20. Rd1 Rd4 21. Ne2 Rxd1+ 22. Kxd1 Nxe4 23. f3 Nc5 24. Ng3 g6 25. b3 a5 26. Ne2
b4 27. c3 bxc3 28. Nxc3 Kd6 29. Kc2 Ke6 30. g4 g5 31. Kd2 f5 32. gxf5+ Kxf5 33.
Ke3 h6 34. Ne2 h5 35. Ng3+ Kf6 36. Nxh5+ 1/2-1/2

[Event "Tournoi Skype 028B"]
[Site "Skype"]
[Date "????.??.??"]
[Round "7.31"]
[White "Battaglia, Gabriele"]
[Black "Dib, Catherine"]
[Result "1-0"]
[WhiteElo "1245"]
[BlackElo "1070"]
[PlyCount "63"]

1. Nf3 c5 2. g3 Nc6 3. Bg2 Nf6 4. O-O g6 5. d3 d5 6. Bf4 Bg7 7. Qd2 O-O 8. Bh6
Re8 9. Bxg7 Kxg7 10. Qc3 b6 11. Nbd2 e5 12. e4 d4 13. Qc4 Be6 14. Qb5 Qc7 15.
Ng5 a6 16. Qa4 b5 17. Qa3 b4 18. Nxe6+ Rxe6 19. Qb3 a5 20. c3 Rb8 21. cxd4 Nxd4
22. Qc4 Rd6 23. Nb3 Nxb3 24. Qxb3 Qc6 25. Rac1 Rbd8 26. Rfd1 c4 27. Rxc4 Qb6
28. Qc2 Rd4 29. Rc5 Qb7 30. Rxe5 Ng4 31. Rxa5 Ne5 32. Rxe5 1-0